[Event "4NCL Division Three Bishops"]
[Site "Daventry, ENG"]
[Date "2024.05.04"]
[Round "9.52"]
[White "Weersing, Abigail Riis"]
[Black "Edwards-Wright, Miles D"]
[Result "0-1"]
[WhiteElo "1971"]
[BlackElo "2052"]
[PlyCount "124"]
[EventDate "2024.05.04"]
[WhiteTeam "She Plays To Win Lionesses"]
[BlackTeam "Chessable White Rose 3"]

1. d4 g6 2. c4 Bg7 3. Nc3 d6 4. e4 Nc6 5. d5 Nd4 6. Nge2 Nxe2 7. Bxe2 Bxc3+ 8.
bxc3 Nf6 9. f3 e5 10. O-O h6 11. c5 g5 12. Bb5+ Bd7 13. Qb3 b6 14. cxd6 cxd6
15. Ba3 Qc7 16. Rfd1 Bxb5 17. Qxb5+ Ke7 18. c4 Nd7 19. Rac1 Rhc8 20. Qb2 Nc5
21. Qf2 Rg8 22. Qg3 Rg6 23. Rb1 Rag8 24. Bb2 Nd7 25. Rbc1 Qc5+ 26. Kh1 Rf6 27.
Rc2 g4 28. Bc1 Qa5 29. Be3 Qa3 30. f4 Qa4 31. Rdc1 Rgg6 32. Rf2 Qa3 33. fxe5
dxe5 34. Bf4 Qxg3 35. Bxg3 Rxf2 36. Bxf2 Kd6 37. Rc3 Rf6 38. Kg1 Rf4 39. Be3
Rxe4 40. Bxh6 f5 41. Kf2 f4 42. g3 Rd4 43. Ke2 Ke7 44. Bg5+ Kf7 45. Ra3 a5 46.
Rc3 a4 47. Rc2 Kg6 48. Bd8 Kf5 49. Be7 Ke4 50. gxf4 exf4 51. Bh4 Ne5 52. Bf2
Rxc4 53. Rxc4+ Nxc4 54. d6 Nxd6 55. Bxb6 Nb5 56. Kf2 Kd3 57. Bd8 Nc3 58. Bc7
Ne4+ 59. Kf1 Ke3 60. Bb6+ Kf3 61. Kg1 Ke2 62. h3 g3 0-1

[Event "4NCL Division Three Bishops"]
[Site "Daventry, ENG"]
[Date "2024.05.04"]
[Round "9.53"]
[White "Shaw, Peter"]
[Black "Raajesh, Srimathi"]
[Result "1-0"]
[WhiteElo "2047"]
[BlackElo "1902"]
[PlyCount "75"]
[EventDate "2024.05.04"]
[WhiteTeam "Chessable White Rose 3"]
[BlackTeam "She Plays To Win Lionesses"]

1. d4 Nf6 2. c4 e6 3. Nf3 b6 4. a3 Bb7 5. Nc3 Be7 6. d5 O-O 7. e4 d6 8. Bd3 a5
9. O-O Na6 10. Bc2 Nd7 11. Rb1 Bf6 12. Ne2 Qe7 13. Ng3 g6 14. Bh6 Bg7 15. Qd2
Ne5 16. Nxe5 dxe5 17. Bxg7 Kxg7 18. b4 axb4 19. axb4 f6 20. Ne2 Rfd8 21. Qc3
Bc8 22. f4 exf4 23. Nxf4 e5 24. Nd3 Bd7 25. Ra1 Rdb8 26. Ra3 Bc8 27. Rfa1 Bb7
28. Ba4 Ra7 29. Bc6 Bxc6 30. dxc6 Rba8 31. b5 Qe8 32. Rxa6 Rxa6 33. Rxa6 Rxa6
34. bxa6 Qxc6 35. Qa1 Qxe4 36. a7 Qa8 37. Nb4 e4 38. Nd5 1-0

[Event "4NCL Division Three Bishops"]
[Site "Daventry, ENG"]
[Date "2024.05.04"]
[Round "9.54"]
[White "Rida, Ruqayyah"]
[Black "Burke, Alex"]
[Result "1-0"]
[WhiteElo "1922"]
[BlackElo "1960"]
[PlyCount "67"]
[EventDate "2024.05.04"]
[WhiteTeam "She Plays To Win Lionesses"]
[BlackTeam "Chessable White Rose 3"]

1. e4 e6 2. d4 d5 3. Nd2 Nc6 4. Ngf3 Nf6 5. e5 Nd7 6. c3 f6 7. exf6 Qxf6 8. Bd3
Bd6 9. Qc2 e5 10. dxe5 Ndxe5 11. O-O Bg4 12. Nxe5 Nxe5 13. Re1 O-O-O 14. Nf1
Rdf8 15. Be3 Qh4 16. Ng3 Kb8 17. Qd2 h6 18. Bd4 Re8 19. Re3 Qg5 20. Rae1 Bd7
21. h4 Qf4 22. Qe2 Bg4 23. Qc2 Re7 24. Bf5 Rhe8 25. Bxg4 Nxg4 26. Rxe7 Rxe7 27.
Rxe7 Bxe7 28. Qe2 Bd8 29. Qe8 Qd6 30. Bc5 Qf6 31. Nf5 b6 32. Ne7 bxc5 33. Qxd8+
Kb7 34. Qc8+ 1-0

[Event "4NCL Division Three Bishops"]
[Site "Daventry, ENG"]
[Date "2024.05.04"]
[Round "9.55"]
[White "Gibbs, Steve J"]
[Black "Maton, Emily"]
[Result "1-0"]
[WhiteElo "1724"]
[BlackElo "1912"]
[PlyCount "123"]
[EventDate "2024.05.04"]
[WhiteTeam "Chessable White Rose 3"]
[BlackTeam "She Plays To Win Lionesses"]

1. d4 e6 2. Nf3 d5 3. e3 Nf6 4. Bd3 c5 5. b3 Nc6 6. Bb2 cxd4 7. exd4 Bd6 8. O-O
O-O 9. Nbd2 Qc7 10. Re1 Nb4 11. Ne5 Nxd3 12. cxd3 Qe7 13. Rc1 Nd7 14. Nb1 f6
15. Nf3 e5 16. Nc3 Nb6 17. Nb5 Bb4 18. Re3 Bg4 19. Rc7 Qe8 20. dxe5 Bxf3 21.
Qxf3 fxe5 22. Qg4 Be7 23. Rxe5 Qf7 24. Rf5 Qg6 25. Qxg6 hxg6 26. Rxf8+ Bxf8 27.
Bd4 Re8 28. Kf1 Bb4 29. Nc3 Re7 30. Rxe7 Bxe7 31. Ke2 Kf7 32. Bxb6 axb6 33.
Nxd5 Bc5 34. Nc7 Ke7 35. Nb5 Kd7 36. d4 Be7 37. Ke3 Kc6 38. a4 Kd5 39. Nc3+ Ke6
40. Ke4 Bf6 41. Nd5 Bd8 42. Nf4+ Kf7 43. Kd5 Bc7 44. Ke4 Bd8 45. g3 g5 46. Nd5
Ke6 47. Ne3 g6 48. Nc4 Bc7 49. h3 Kf6 50. d5 Bd8 51. Nd6 Be7 52. Nxb7 Bb4 53.
Nd8 Be1 54. Ke3 Ke5 55. Ne6 Kxd5 56. Nxg5 Bc3 57. Kd3 Be1 58. Ne4 Bb4 59. f4
Be7 60. Nd2 Bd8 61. Nc4 Bc7 62. b4 1-0

[Event "4NCL Division Three Bishops"]
[Site "Daventry, ENG"]
[Date "2024.05.04"]
[Round "9.56"]
[White "Ashton, Alannah"]
[Black "Woozeer, Seth"]
[Result "1-0"]
[WhiteElo "1853"]
[BlackElo "1409"]
[PlyCount "51"]
[EventDate "2024.05.04"]
[WhiteTeam "She Plays To Win Lionesses"]
[BlackTeam "Chessable White Rose 3"]

1. e4 c5 2. Nf3 Nc6 3. d4 cxd4 4. Nxd4 g6 5. c4 Bg7 6. Be3 d6 7. Nc3 Nf6 8. Be2 O-O 9. O-O a6 10. Rc1 Bd7 11. f3 Rc8 12. b3 Qa5 13. Nxc6 Bxc6 14. Qd2 Rc7 15. b4 Qe5 16. c5 Rd7 17. Bf4 Qe6 18. cxd6 exd6 19. Bd1 Nh5 20. Bb3 Qe7 21. Bg5 Qe5 22. Rfd1 Kh8 23. a4 b5 24. a5 Rc8 25. Nd5 Rb8 26. Rxc6 1-0

[Event "4NCL Division Three Bishops"]
[Site "Daventry, ENG"]
[Date "2024.05.04"]
[Round "9.61"]
[White "Duncan, Patrick C M"]
[Black "Kenworthy, Gary"]
[Result "1/2-1/2"]
[WhiteElo "2094"]
[BlackElo "2113"]
[PlyCount "54"]
[EventDate "2024.05.04"]
[WhiteTeam "The MASCeteers"]
[BlackTeam "Shropshire & Friends"]

1. b3 e5 2. Bb2 Nc6 3. e3 d5 4. Bb5 Bd6 5. f4 Qh4+ 6. g3 Qe7 7. Nf3 f6 8. Nc3 Be6 9. fxe5 fxe5 10. d4 e4 11. Ne5 Bxe5 12. Qh5+ Bf7 13. Qxe5 Qxe5 14. dxe5 Nge7 15. Ne2 O-O 16. Nf4 g5 17. e6 Be8 18. Bxc6 Bxc6 19. Nh5 Nf5 20. Nf6+ Rxf6 21. Bxf6 Nxe3 22. Kd2 Ng4 23. Bd4 Re8 24. h3 e3+ 25. Bxe3 Nxe3 26. Kxe3 d4+ 27. Kxd4 Bxh1 1/2-1/2

[Event "4NCL Division Three Bishops"]
[Site "Daventry, ENG"]
[Date "2024.05.04"]
[Round "9.62"]
[White "Grillage, Andrew"]
[Black "Hazlehurst, Cory S"]
[Result "1/2-1/2"]
[WhiteElo "2005"]
[BlackElo "2100"]
[PlyCount "84"]
[EventDate "2024.05.04"]
[WhiteTeam "Shropshire & Friends"]
[BlackTeam "The MASCeteers"]

1. d4 Nf6 2. Nf3 e6 3. c4 Nc6 4. g3 d5 5. cxd5 exd5 6. Bg2 Be7 7. O-O O-O 8.
Nc3 Re8 9. Bg5 Ne4 10. Bxe7 Rxe7 11. Rc1 Bg4 12. Re1 Qd7 13. a3 Rae8 14. b4 Qf5
15. b5 Na5 16. Nxe4 dxe4 17. Ne5 Bh3 18. Qa4 b6 19. Rc3 Bxg2 20. Kxg2 h5 21. h4
Rd8 22. e3 f6 23. Nc6 Nxc6 24. Rxc6 g5 25. hxg5 fxg5 26. Qc4+ Kh8 27. Qe2 Rh7
28. Rec1 Rdd7 29. a4 h4 30. g4 Qf8 31. Re6 Rde7 32. Rcc6 h3+ 33. Kh2 Ref7 34.
Rc2 Re7 35. Rcc6 Rxe6 36. Rxe6 Rf7 37. f4 exf3 38. Qf2 Rh7 39. Re5 Qf6 40. Rf5
Qd6+ 41. Re5 Qf6 42. Rf5 Qd6+ 1/2-1/2

[Event "4NCL Division Three Bishops"]
[Site "Daventry, ENG"]
[Date "2024.05.04"]
[Round "9.63"]
[White "Hurney, Kevin"]
[Black "Taylor, Robert K"]
[Result "1/2-1/2"]
[WhiteElo "2044"]
[BlackElo "1894"]
[PlyCount "72"]
[EventDate "2024.05.04"]
[WhiteTeam "The MASCeteers"]
[BlackTeam "Shropshire & Friends"]

1. e4 e5 2. Nf3 Nc6 3. Bb5 a6 4. Ba4 Nf6 5. d3 d6 6. c3 Be7 7. O-O O-O 8. Re1
b5 9. Bc2 Bg4 10. h3 Bh5 11. Nbd2 d5 12. Qe2 dxe4 13. dxe4 Qd7 14. Nf1 Rfd8 15.
Bg5 h6 16. Bxf6 Bxf3 17. Qxf3 Bxf6 18. Ne3 Qe8 19. Nd5 Rd7 20. Rad1 Bd8 21. Qg4
Rd6 22. Rd3 Rg6 23. Qh5 Na5 24. b3 Nb7 25. f4 c6 26. Ne3 Bb6 27. f5 Rd6 28.
Rxd6 Nxd6 29. f6 Qd8 30. fxg7 Qg5 31. Qxg5 hxg5 32. Kf2 Rd8 33. Kf3 Bxe3 34.
Kxe3 Kxg7 35. Ra1 Kf6 36. a4 Ke6 1/2-1/2

[Event "4NCL Division Three Bishops"]
[Site "Daventry, ENG"]
[Date "2024.05.04"]
[Round "9.64"]
[White "Higgie, Charles L"]
[Black "Moss, Jack"]
[Result "1/2-1/2"]
[WhiteElo "1902"]
[BlackElo "1872"]
[PlyCount "35"]
[EventDate "2024.05.04"]
[WhiteTeam "Shropshire & Friends"]
[BlackTeam "The MASCeteers"]

1. d4 d5 2. c4 c6 3. Nc3 Nf6 4. Nf3 dxc4 5. e3 b5 6. a4 b4 7. Na2 e6 8. Bxc4
Be7 9. O-O O-O 10. Bd2 a5 11. Qc2 Qb6 12. Nc1 Ba6 13. Nd3 c5 14. dxc5 Bxc5 15.
Nxc5 Qxc5 16. Rfc1 Rc8 17. Bb3 Nbd7 18. Qxc5 1/2-1/2

[Event "4NCL Division Three Bishops"]
[Site "Daventry, ENG"]
[Date "2024.05.04"]
[Round "9.65"]
[White "Vaidyanathan, Sathya"]
[Black "Bryant, Richard B E"]
[Result "1/2-1/2"]
[WhiteElo "1871"]
[BlackElo "1859"]
[PlyCount "118"]
[EventDate "2024.05.04"]
[WhiteTeam "The MASCeteers"]
[BlackTeam "Shropshire & Friends"]

1. e4 e6 2. d4 d5 3. exd5 exd5 4. Nf3 Bd6 5. Bd3 Ne7 6. c3 Bg4 7. h3 Bh5 8.
Nbd2 Nd7 9. Nb3 c6 10. Bg5 a5 11. a4 Bg6 12. Bxg6 hxg6 13. Qd2 Qb6 14. Nc1 Qc7
15. Nd3 Nf6 16. Bf4 Ne4 17. Bxd6 Qxd6 18. Qf4 Qxf4 19. Nxf4 g5 20. Nd3 f6 21.
Nd2 Nd6 22. O-O-O Kf7 23. Rde1 b6 24. f4 gxf4 25. Nxf4 Nef5 26. Rhg1 g5 27. Nd3
Ng3 28. Nf2 Rae8 29. Kd1 Ngf5 30. Ng4 Ng3 31. Rxe8 Rxe8 32. Re1 Nde4 33. Nxe4
Nxe4 34. Re2 Rc8 35. Ne3 Ke6 36. Ng4 f5 37. Nf2 c5 38. dxc5 Rxc5 39. g4 Rc4 40.
gxf5+ Kxf5 41. Nxe4 dxe4 42. Rf2+ Ke5 43. Kd2 Rxa4 44. Ke3 Ra1 45. Rg2 Re1+ 46.
Kf2 Rh1 47. Rxg5+ Kf4 48. Rg4+ Kf5 49. Rh4 Rh2+ 50. Ke3 Rxb2 51. Rf4+ Kg5 52.
h4+ Kh5 53. Rxe4 Rh2 54. Re6 Rb2 55. Re4 b5 56. c4 Rb3+ 57. Kd2 Rb4 58. Re5+
Kxh4 59. Rxb5 Rxc4 1/2-1/2

[Event "4NCL Division Three Bishops"]
[Site "Daventry, ENG"]
[Date "2024.05.04"]
[Round "9.66"]
[White "Bailey, Adrian"]
[Black "Dos Santos Silva, Bruno Alexandre"]
[Result "0-1"]
[WhiteElo "1784"]
[BlackElo "1852"]
[PlyCount "74"]
[EventDate "2024.05.04"]
[WhiteTeam "Shropshire & Friends"]
[BlackTeam "The MASCeteers"]

1. d4 d5 2. c4 c6 3. Nf3 Nf6 4. Nc3 g6 5. e3 Bg7 6. Bd3 O-O 7. O-O Bg4 8. h3
Bxf3 9. Qxf3 Re8 10. Rd1 e5 11. dxe5 Rxe5 12. cxd5 Nxd5 13. e4 Nxc3 14. bxc3
Qf6 15. Bf4 Re8 16. Rab1 b6 17. e5 Qe6 18. Be4 Bxe5 19. Bxe5 Qxe5 20. Bxc6 Nxc6
21. Qxc6 Rac8 22. Qd7 Rc7 23. Qd4 Rxc3 24. Qa4 Rc7 25. Rd7 Rxd7 26. Qxd7 Re7
27. Qd8+ Kg7 28. Rc1 Qg5 29. Qd4+ Qe5 30. Qd8 Qf6 31. Qb8 Re2 32. Qg3 Rxa2 33.
Rc8 Ra1+ 34. Kh2 Ra5 35. f4 h5 36. Qe3 Ra4 37. g3 Qb2+ 0-1

[Event "4NCL Division Three Knights"]
[Site "Milton Keynes, ENG"]
[Date "2023.11.11"]
[Round "1.11"]
[White "Smith, Olivia"]
[Black "Brown, Alan M"]
[Result "1-0"]
[WhiteElo "2079"]
[BlackElo "2028"]
[PlyCount "147"]
[EventDate "2023.11.11"]
[WhiteTeam "Rhyfelwyr Essyllwg"]
[BlackTeam "MK Phoenix"]

1. e4 e5 2. d4 exd4 3. Nf3 Nc6 4. Nxd4 Nf6 5. Nc3 Bb4 6. Nxc6 bxc6 7. Bd3 O-O
8. O-O Re8 9. Bg5 h6 10. Bh4 Be7 11. e5 Nd5 12. Bg3 Nxc3 13. bxc3 d5 14. f4 Bh4
15. Qf3 Bxg3 16. hxg3 a5 17. Rfe1 Ba6 18. c4 Qe7 19. cxd5 Qc5+ 20. Qe3 Qxe3+
21. Rxe3 cxd5 22. Bxa6 Rxa6 23. Rc3 c6 24. Rb1 Kf8 25. Kf2 Rc8 26. Rc5 Ke7 27.
Rb7+ Ke6 28. g4 Raa8 29. Ke3 g6 30. c4 dxc4 31. Rxc4 c5 32. Ke4 f5+ 33. exf6
Kxf6 34. Rb5 a4 35. Rcxc5 Rxc5 36. Rxc5 a3 37. Rc6+ Kf7 38. f5 Ra4+ 39. Kf3
gxf5 40. gxf5 Kg7 41. Rg6+ Kh7 42. Re6 Kg7 43. Re4 Ra5 44. Kf4 Kf7 45. g4 Kg7
46. g5 hxg5+ 47. Kxg5 Kf7 48. Re3 Ra8 49. Rb3 Rg8+ 50. Kf4 Ra8 51. Rb6 Ra7 52.
Kg5 Kg7 53. f6+ Kf7 54. Rb5 Rc7 55. Ra5 Rb7 56. Kf5 Rc7 57. Ke5 Rb7 58. Rxa3
Rb5+ 59. Kd6 Kxf6 60. Rf3+ Kg7 61. Kc6 Rb2 62. a4 Ra2 63. Kb5 Rb2+ 64. Ka6 Rb1
65. a5 Rb2 66. Ka7 Rb5 67. a6 Rb1 68. Ka8 Rb2 69. a7 Rb1 70. Rc3 Kf6 71. Rc7
Ke6 72. Rb7 Rh1 73. Rb6+ Kd5 74. Kb7 1-0

[Event "4NCL Division Three Knights"]
[Site "Milton Keynes, ENG"]
[Date "2023.11.11"]
[Round "1.12"]
[White "Elwin, Adrian G"]
[Black "Brown, Thomas"]
[Result "1/2-1/2"]
[WhiteElo "1975"]
[BlackElo "2111"]
[PlyCount "74"]
[EventDate "2023.11.11"]
[WhiteTeam "MK Phoenix"]
[BlackTeam "Rhyfelwyr Essyllwg"]

1. d4 Nf6 2. c4 g6 3. Nc3 Bg7 4. e4 d6 5. Be2 O-O 6. Nf3 c5 7. O-O cxd4 8. Nxd4
Nc6 9. Be3 Bd7 10. Rc1 Nxd4 11. Bxd4 Bh6 12. f4 e5 13. fxe5 Bxc1 14. Qxc1 dxe5
15. Bxe5 Ne8 16. Nd5 f6 17. Qf4 g5 18. Qf2 Kg7 19. Bc3 Be6 20. e5 f5 21. h4 g4
22. Bxg4 Nc7 23. Nxc7 Qxc7 24. Be2 b6 25. Qf4 Rad8 26. Bb4 Rf7 27. Bd6 Qc8 28.
Bh5 Rb7 29. g4 Rxd6 30. exd6 Qxc4 31. Qe5+ Kg8 32. Re1 Bf7 33. Bxf7+ Rxf7 34.
d7 Qxg4+ 35. Kf1 Qf3+ 36. Kg1 Qg4+ 37. Kf1 Qf3+ 1/2-1/2

[Event "4NCL Division Three Knights"]
[Site "Milton Keynes, ENG"]
[Date "2023.11.11"]
[Round "1.13"]
[White "Van Kemenade, Rudy"]
[Black "Habershon, Paul F"]
[Result "0-1"]
[WhiteElo "1946"]
[BlackElo "1964"]
[PlyCount "92"]
[EventDate "2023.11.11"]
[WhiteTeam "Rhyfelwyr Essyllwg"]
[BlackTeam "MK Phoenix"]

1. f4 Nf6 2. Nf3 d5 3. g3 e6 4. Bg2 Be7 5. O-O O-O 6. d3 c5 7. Qe1 Nc6 8. c3 b6
9. a4 Bb7 10. e4 dxe4 11. dxe4 Qc7 12. e5 Nd5 13. Nbd2 Rad8 14. Ne4 Na5 15.
Nfd2 Ba6 16. Rf2 Bd3 17. Rf3 Bc2 18. Bf1 c4 19. Kh1 Qc6 20. g4 f5 21. exf6 Nxf6
22. Nxf6+ Rxf6 23. Bg2 Qd7 24. Ne4 Bxe4 25. Qxe4 Qd1+ 26. Rf1 Qxg4 27. Be3 Qf5
28. Bd4 Rh6 29. Rae1 Qxe4 30. Bxe4 Nb3 31. Be5 Rd2 32. Bg2 Nc5 33. Rd1 Rxb2 34.
Rd4 Nd3 35. Rxc4 Rg6 36. Rc8+ Kf7 37. Be4 Rh6 38. Bg2 Nf2+ 39. Kg1 Ng4 40. Rc7
Ne3 41. Be4 Nxf1 42. Bd6 Nd2 43. Bd3 Nf3+ 44. Kf1 Rhxh2 45. Rxe7+ Kf6 46. f5
Rhf2# 0-1

[Event "4NCL Division Three Knights"]
[Site "Milton Keynes, ENG"]
[Date "2023.11.11"]
[Round "1.14"]
[White "Valentine, Brian J"]
[Black "Hatchett, Paul"]
[Result "1/2-1/2"]
[WhiteElo "1939"]
[BlackElo "1949"]
[PlyCount "32"]
[EventDate "2023.11.11"]
[WhiteTeam "MK Phoenix"]
[BlackTeam "Rhyfelwyr Essyllwg"]

1. e4 Nf6 2. e5 Nd5 3. d4 d6 4. Nf3 dxe5 5. Nxe5 c6 6. c4 Nb4 7. Be3 Bf5 8. Na3
e6 9. Be2 Nd7 10. Nxd7 Qxd7 11. O-O Be7 12. Qb3 O-O 13. Rfd1 a5 14. Bf3 a4 15.
Qc3 Rfc8 16. c5 Nd5 1/2-1/2

[Event "4NCL Division Three Knights"]
[Site "Milton Keynes, ENG"]
[Date "2023.11.11"]
[Round "1.15"]
[White "Trevelyan, John"]
[Black "Williamson, Kevin J"]
[Result "1-0"]
[WhiteElo "1864"]
[BlackElo "1852"]
[PlyCount "123"]
[EventDate "2023.11.11"]
[WhiteTeam "Rhyfelwyr Essyllwg"]
[BlackTeam "MK Phoenix"]

1. d4 d5 2. Nf3 Nc6 3. Bf4 Bg4 4. e3 e6 5. c3 Bd6 6. h3 Bxf3 7. Qxf3 Bxf4 8.
exf4 Qf6 9. Bb5 Nge7 10. Nd2 a6 11. Bd3 h5 12. O-O O-O-O 13. b4 g5 14. fxg5
Qxg5 15. Qe3 Qg7 16. f4 Rdg8 17. Rf2 h4 18. Raf1 Qh6 19. Rf3 f5 20. Re1 Rg6 21.
Nb3 Rhg8 22. Bf1 Qg7 23. Qf2 Nd8 24. Nc5 Qh6 25. a4 Nf7 26. Rfe3 Nd8 27. a5
Nec6 28. Kh1 Nb8 29. Re5 Nd7 30. Nxd7 Kxd7 31. b5 axb5 32. Bxb5+ c6 33. Bf1 Nf7
34. Qb2 Rb8 35. a6 b5 36. a7 Ra8 37. Qa3 Nxe5 38. dxe5 Qf8 39. Qa5 Qd8 40. Qa3
Qc7 41. Ra1 Rg7 42. Qc5 Kc8 43. Ra6 Kb7 44. Bxb5 cxb5 45. Qxb5+ Kc8 46. Rc6
Rxa7 47. Rxc7+ Rgxc7 48. Qe8+ Kb7 49. Qxe6 Ra1+ 50. Kh2 Rxc3 51. Qxd5+ Kb8 52.
Qd8+ Kb7 53. Qxh4 Rc2 54. Qh7+ Kc6 55. Qxf5 Raa2 56. Qe4+ Kd7 57. Qd5+ Ke8 58.
f5 Rd2 59. Qc6+ Kf8 60. Qc8+ Kf7 61. Qb7+ Kg8 62. f6 1-0

[Event "4NCL Division Three Knights"]
[Site "Milton Keynes, ENG"]
[Date "2023.11.11"]
[Round "1.16"]
[White "Matthews, Adrian M S"]
[Black "Van Kemenade, Julie"]
[Result "1/2-1/2"]
[WhiteElo "1847"]
[BlackElo "1683"]
[PlyCount "48"]
[EventDate "2023.11.11"]
[WhiteTeam "MK Phoenix"]
[BlackTeam "Rhyfelwyr Essyllwg"]

1. e4 d6 2. d4 Nf6 3. Bd3 e5 4. c3 Nbd7 5. Nf3 c6 6. O-O Qc7 7. Nbd2 h6 8. Re1
Be7 9. Nf1 Nf8 10. Ng3 g5 11. Nf5 Ng6 12. Ng7+ Kf8 13. Nf5 Nf4 14. Bxf4 gxf4
15. h3 Be6 16. Qc2 Re8 17. Rac1 Nh7 18. c4 Ng5 19. Nxg5 hxg5 20. d5 Bxf5 21.
exf5 c5 22. Be2 Bf6 23. Qe4 Rh4 24. Bg4 Kg7 1/2-1/2

[Event "4NCL Division Three Knights"]
[Site "Milton Keynes, ENG"]
[Date "2023.11.11"]
[Round "1.21"]
[White "Ciuravin, Andrei"]
[Black "Gill, Oliver"]
[Result "1/2-1/2"]
[WhiteElo "2185"]
[BlackElo "2261"]
[PlyCount "27"]
[EventDate "2023.11.11"]
[WhiteTeam "Hull & East Riding Tigers"]
[BlackTeam "Wessex A"]

1. d4 d5 2. Nf3 e6 3. e3 c5 4. b3 Nc6 5. Bb2 Nf6 6. Nbd2 cxd4 7. exd4 Qc7 8. a3 Bd6 9. Bd3 O-O 10. O-O e5 11. dxe5 Nxe5 12. Nxe5 Bxe5 13. Bxe5 Qxe5 14. Re1 1/2-1/2

[Event "4NCL Division Three Knights"]
[Site "Milton Keynes, ENG"]
[Date "2023.11.11"]
[Round "1.22"]
[White "Wilson, Jaimie"]
[Black "Varley, Joe"]
[Result "1/2-1/2"]
[WhiteElo "2125"]
[BlackElo "2083"]
[PlyCount "146"]
[EventDate "2023.11.11"]
[WhiteTeam "Wessex A"]
[BlackTeam "Hull & East Riding Tigers"]

1. e4 c5 2. Nf3 e6 3. c3 Nf6 4. e5 Nd5 5. Bc4 Nb6 6. Bb3 Nc6 7. O-O c4 8. Bc2 d6 9. exd6 Bxd6 10. b3 O-O 11. Qe2 cxb3 12. axb3 e5 13. h3 Re8 14. Re1 Be6 15. d4 exd4 16. Qd3 g6 17. Bg5 Qc7 18. Na3 Bf5 19. Rxe8+ Rxe8 20. Qd2 dxc3 21. Qxc3 Bb4 22. Qb2 Bxc2 23. Qxc2 Qd7 24. Rd1 Qe6 25. Nb5 a6 26. Nbd4 Nxd4 27. Rxd4 Bd6 28. Qd2 Bc7 29. Qc3 Bb8 30. Bh6 Qf6 31. Re4 Be5 32. Rxe5 Rxe5 33. Qxe5 Qxe5 34. Nxe5 f6 35. Ng4 Nd5 36. Bd2 Kf7 37. Kf1 Ke6 38. Ke2 f5 39. Nh2 Nf6 40. Nf3 Kd5 41. Ne1 Ne4 42. f3 Nc5 43. b4 Nb3 44. g3 Kc4 45. Nc2 b6 46. Na3+ Kd4 47. h4 a5 48. bxa5 bxa5 49. Nb5+ Kc5 50. Na3 a4 51. Bc3 Kd5 52. Ke3 Nc5 53. Bb4 Ne6 54. Kd3 f4 55. g4 Nd4 56. Nb1 Nxf3 57. Nc3+ Ke5 58. h5 Nh2 59. hxg6 hxg6 60. g5 Kf5 61. Nxa4 Kxg5 62. Ke4 Kg4 63. Nc3 Nf1 64. Ne2 f3 65. Kd3 g5 66. Bc5 Kh3 67. Nd4 Kg2 68. Nf5 g4 69. Ke4 f2 70. Kf4 Nh2 71. Bxf2 Kxf2 72. Ng3 Kg2 73. Ne4 Kh3 1/2-1/2

[Event "4NCL Division Three Knights"]
[Site "Milton Keynes, ENG"]
[Date "2023.11.11"]
[Round "1.23"]
[White "Larchikov, Maksym"]
[Black "Pye, David E"]
[Result "1-0"]
[WhiteElo "2080"]
[BlackElo "2141"]
[PlyCount "157"]
[EventDate "2023.11.11"]
[WhiteTeam "Hull & East Riding Tigers"]
[BlackTeam "Wessex A"]

1. d4 Nf6 2. c4 e6 3. Nf3 Bb4+ 4. Bd2 Qe7 5. e3 O-O 6. Bd3 Bxd2+ 7. Qxd2 d6 8. e4 e5 9. d5 Bg4 10. Ng1 a5 11. h3 Bd7 12. Ne2 Na6 13. Nbc3 Nc5 14. Bc2 Ne8 15. O-O g6 16. f4 f6 17. Rae1 Ng7 18. f5 g5 19. g4 Kf7 20. b3 Rg8 21. a3 h5 22. Kg2 hxg4 23. hxg4 b6 24. Rh1 Rh8 25. Nc1 Rag8 26. Qf2 Qf8 27. b4 Nb7 28. Nd3 Ne8 29. Bd1 Kg7 30. Ba4 Qe7 31. Bc6 Nd8 32. Bxd7 Qxd7 33. bxa5 bxa5 34. Qa7 Kf8 35. Qxa5 Rh4 36. Nf2 Qh7 37. Ne2 Rh8 38. Ng3 Rh2+ 39. Kf3 Qd7 40. Qa7 Ke7 41. Rxh2 Rxh2 42. Nh5 c6 43. Qxd7+ Kxd7 44. Kg3 Rh4 45. Rb1 Kc7 46. Nd3 Nf7 47. Nb4 Nh6 48. Na6+ Kd8 49. Rb8+ Ke7 50. dxc6 Rxg4+ 51. Kf3 Rh4 52. Ng3 d5 53. cxd5 Rf4+ 54. Kg2 Ng4 55. c7 Rf2+ 56. Kg1 Nxc7 57. Rb7 Rf3 58. Nf1 Rxa3 59. Nxc7 Ra1 60. Rb3 Re1 61. Rb4 Re2 62. Ne6 Nf2 63. Rb7+ Kd6 64. Rb6+ Kd7 65. Nc5+ Kc7 66. Rc6+ Kd8 67. Ng3 Nh3+ 68. Kf1 Rf2+ 69. Ke1 Rg2 70. Nh5 g4 71. d6 Rg1+ 72. Kd2 Rg2+ 73. Kc3 Nf2 74. Ng7 Nd1+ 75. Kb3 Rb2+ 76. Ka3 Rb8 77. Nge6+ Ke8 78. Rc8+ Rxc8 79. d7+ 1-0

[Event "4NCL Division Three Knights"]
[Site "Milton Keynes, ENG"]
[Date "2023.11.11"]
[Round "1.24"]
[White "McDougall, William"]
[Black "Gardiner, Eric D"]
[Result "1-0"]
[WhiteElo "2098"]
[BlackElo "1982"]
[PlyCount "51"]
[EventDate "2023.11.11"]
[WhiteTeam "Wessex A"]
[BlackTeam "Hull & East Riding Tigers"]

1. d4 d5 2. c4 e6 3. Nf3 Nf6 4. g3 dxc4 5. Bg2 c5 6. Qa4+ Bd7 7. Qxc4 b5 8. Qc2 Na6 9. O-O Rc8 10. Qd1 Bc6 11. a4 b4 12. Bg5 Be7 13. Qd3 Nb8 14. Rc1 O-O 15. Nbd2 cxd4 16. Qxd4 Qxd4 17. Nxd4 Bxg2 18. Kxg2 h6 19. Bf4 Nfd7 20. N2b3 Bf6 21. Bd6 Rfd8 22. Bxb4 Rxc1 23. Rxc1 Nb6 24. a5 Na4 25. Ba3 Kh7 26. Rc4 1-0

[Event "4NCL Division Three Knights"]
[Site "Milton Keynes, ENG"]
[Date "2023.11.11"]
[Round "1.25"]
[White "Vleeshhouwer, Douglas"]
[Black "Lukosius, Rolandas"]
[Result "1-0"]
[WhiteElo "1967"]
[BlackElo "2086"]
[PlyCount "91"]
[EventDate "2023.11.11"]
[WhiteTeam "Hull & East Riding Tigers"]
[BlackTeam "Wessex A"]

1. e4 c5 2. Nc3 Nc6 3. f4 g6 4. Nf3 Bg7 5. Bc4 e6 6. f5 Nge7 7. fxe6 dxe6 8. O-O O-O 9. a3 a6 10. d3 b5 11. Bb3 Nd4 12. Nxd4 cxd4 13. Nb1 Nc6 14. Nd2 Ra7 15. Nf3 Qd6 16. Qe1 h6 17. Qh4 Qe7 18. Bg5 f6 19. Bxh6 Bxh6 20. Qxh6 Qg7 21. Qh3 Re8 22. Rf2 Qe7 23. Raf1 Kg7 24. Qg3 Qc7 25. e5 f5 26. Re1 Rh8 27. Qf4 Qd8 28. Ng5 Qe7 29. h4 a5 30. Nf3 Qd8 31. g3 a4 32. Ba2 b4 33. Bc4 bxa3 34. bxa3 Qa5 35. Rb1 Qc3 36. Rb6 Nd8 37. Qxd4 Qxa3 38. Rd6 Rb7 39. Rxd8 Rb1+ 40. Rf1 Rxf1+ 41. Kxf1 Qe7 42. Rxh8 Kxh8 43. Ng5 Kg7 44. Qb6 a3 45. Nxe6+ Bxe6 46. Qxe6 1-0

[Event "4NCL Division Three Knights"]
[Site "Milton Keynes, ENG"]
[Date "2023.11.11"]
[Round "1.26"]
[White "De Coverly, Roger D"]
[Black "Thompson, Keith"]
[Result "1/2-1/2"]
[WhiteElo "1984"]
[BlackElo "1882"]
[PlyCount "109"]
[EventDate "2023.11.11"]
[WhiteTeam "Wessex A"]
[BlackTeam "Hull & East Riding Tigers"]

1. e4 e6 2. d3 d5 3. Nd2 c5 4. Ngf3 Nc6 5. g3 Bd6 6. Qe2 Nge7 7. Bg2 O-O 8. O-O Qc7 9. Re1 f6 10. c3 Bd7 11. a3 d4 12. Nc4 e5 13. cxd4 cxd4 14. Bd2 b5 15. Nxd6 Qxd6 16. Rac1 Rfc8 17. b4 Nd8 18. Nh4 Rxc1 19. Bxc1 Rc8 20. f4 Ndc6 21. Rf1 Qe6 22. fxe5 Nxe5 23. Nf5 Nxf5 24. exf5 Qb3 25. Be4 Be8 26. Bf4 Bf7 27. Bxe5 fxe5 28. f6 g6 29. Qd2 Kh8 30. h4 Qe6 31. Qh6 Rg8 32. Qg5 Qe8 33. Rc1 Qe6 34. Rc5 Qb3 35. Qc1 Qe6 36. Qf1 Qb3 37. Rxb5 Qxa3 38. Rxe5 Qxb4 39. Bd5 Qd6 40. Rg5 Bxd5 41. f7 Rf8 42. Rxd5 Qxg3+ 43. Qg2 Qe3+ 44. Qf2 Rxf7 45. Qxe3 dxe3 46. Re5 e2 47. Rxe2 Rd7 48. Kf2 Kg7 49. Ra2 Kf6 50. Ke3 Kf5 51. Ra4 h6 52. Rf4+ Ke6 53. Ra4 Kf6 54. Ra6+ Kf5 55. h5 1/2-1/2

[Event "4NCL Division Three Knights"]
[Site "Milton Keynes, ENG"]
[Date "2023.11.11"]
[Round "1.31"]
[White "Cooksey, Paul S"]
[Black "Waddington, Mike P"]
[Result "1/2-1/2"]
[WhiteElo "2330"]
[BlackElo "2123"]
[PlyCount "67"]
[EventDate "2023.11.11"]
[WhiteTeam "Crowthorne A"]
[BlackTeam "Poole Patzers"]

1. Nf3 f5 2. c4 Nf6 3. g3 d6 4. d4 g6 5. Bg2 Bg7 6. O-O O-O 7. Nc3 c6 8. d5 e5
9. dxe6 Bxe6 10. b3 Qe7 11. Ba3 Rd8 12. Ng5 Ng4 13. Nxe6 Qxe6 14. Qc2 Ne3 15.
fxe3 Qxe3+ 16. Rf2 Qxc3 17. Qxc3 Bxc3 18. Rd1 Be5 19. e3 Na6 20. Rfd2 Rd7 21.
Bxd6 Rad8 22. Bb4 Rxd2 23. Rxd2 Rxd2 24. Bxd2 Nc5 25. Kf1 Ne4 26. Be1 Kf7 27.
Ke2 Ke6 28. Kd3 Nc5+ 29. Kc2 Ne4 30. Bf3 h5 31. Kd3 Nc5+ 32. Kc2 Ne4 33. Kd3
Nc5+ 34. Kc2 1/2-1/2